000
00242nam a22001097a 4500
008
140219t xxu||||| |||| 00| 0 eng d
020
_a
0-328-10239-3
100
_a
Scott Foresman
_9
758
245
_a
Mathematics
300
_a
749
942
_2
ddc
_c
BK
999
_c
17015
_d
17015